000 00368pab a2200157 454500
008 180718b2012 xxu||||| |||| 00| 0 eng d
100 _aKakadia, Dhiraj Kumar
245 _aLab-to-Land initiative - An introduction
260 _c2012
300 _ap.3-8.
362 _aDec
650 _aRural development
773 _aKurukshetra
908 _aN
909 _a98313
999 _c98312
_d98312